000 02186cam a22003015a 4500
001 15923963
005 20160801153335.0
008 090928s2010 enk frbd 001 0 eng d
010 _a2009039199
020 _a9781444330755
020 _a1444330756
040 _aDLC
_beng
_cDLC
_dEG-ScBUE
082 0 4 _222
_a306.2
_bNAS
100 1 _aNash, Kate,
_d1958-
_913424
245 1 0 _aContemporary Political Sociology :
_bglobalization, politics, and power /
_cKate Nash.
250 _a2nd ed.
260 _aChichester, West Sussex ;
_aMalden, MA :
_bWiley-Blackwell,
_c2010.
300 _axi, 286 p. ;
_c24 cm.
500 _aIndex : p. 265-286.
500 _aGlossary : p. 237-240.
504 _aBibliography : p. 241-264.
505 _a1. Changing Definitions of Politics and Power -- The Marxist Tradition of Political Sociology -- The Weberian Tradition of Political Sociology -- The Durkheimian Tradition of Political Sociology -- Focauldian Definitions of Power and Politics -- Cultural Politics -- 2. Politics in a Small World -- Explaining Globalization -- State Transformation and Imperialism -- We are the World? -- 3. Social Movements -- Resource Mobilization Theory and Beyond -- New Social Movement Theory: Conflict and Culture -- Toward a Synthesis: The Definition of "Social Movement" -- Global Social Movements -- 4. Citizenship -- T. H. Marshall: Citizenship, Social Class, and the Nation-State -- Citizenship, Wealth, and Poverty -- Citizenship, Sex, and Sexuality -- Citizenship, Racialization, and Ethnicity -- Post-National Citizenship? -- 5. Globalization and Democracy -- Democracy in Crisis: Political Parties and Elections -- Democracy, Human Rights, and International Political Institutions -- Global Civil Society -- Democracy and Cultural Politics.
520 _a This fully revised and updated introduction to political sociology incorporates the burgeoning literature on globalization and shows how contemporary politics is linked to cultural issues, social structure and democratizing social action.
650 7 _aPolitical sociology.
_911062
_2BUEsh
651 _2BUEsh
653 _bLLAAWW
_cAugust 2016
942 _2ddc
_cBB
_e22
_k306.2 NAS
999 _c13868
_d13868